Królowie Polski cz.1 Piastowie - nagła śmierć - Statystyki

Ogólne statystyki
  • Ten quiz został rozwiązany 41 razy
  • Średni wynik to 4 z 6
Answers on the Grid
Answers color-coded by a green-red scale on the quiz's grid according to % correct below.
Mieszko I
Bolesław Chrobry
Mieszko II Lambert
Bezprym
Kazimierz Odnowiciel
Bolesław Śmiały
Władysław Herman
Bolesław Krzywousty
Przemysł I
Przemysł II
Władysław Łokietek
Kazimierz Wielki
 
Statystyki odpowiedzi
Odpowiedź % Poprawnych
Bolesław Chrobry
100%
Mieszko II Lambert
87%
Bolesław Śmiały
81%
Kazimierz Wielki
58%
Władysław Łokietek
58%
Przemysł II
48%
Nie znaleziono quizów pasujących do podanych kryteriów
Rozkład punktacji
Procent ludzi z każdym wynikiem
Percentyl według liczby udzielonych odpowiedzi
Twoja historia wyników
Nie rozwiązałeś tego quizu